[Event "Paris op-1"]
[Site "Paris"]
[Date "1989.??.??"]
[Round "?"]
[White "Adams, Michael"]
[Black "Petrovic, Petar"]
[Result "1/2-1/2"]
[WhiteElo "2495"]
[BlackElo "2235"]

1.e4 e5 2.Nf3 Nf6 3.d4 Nxe4 4.Bd3 d5 5.Nxe5 Nd7 6.O-O Nxe5 7.dxe5 Nc5 8.Nc3 Nxd3
9.Qxd3 c6 10.Ne2 Be7 11.Qg3 g6 12.c3 O-O 13.Bh6 Re8 14.f4 Bf5 15.Rad1 Qd7
16.h3 Rad8 17.Nd4 c5 18.Nxf5 Qxf5 19.Qf3 Qe6 20.Rd2 Rd7 21.Qg4 f5 22.Qg3  1/2-1/2

[Event "Cannes op"]
[Site "Cannes"]
[Date "1990.??.??"]
[Round "4"]
[White "Adams, Michael"]
[Black "Contin, Daniel"]
[Result "1/2-1/2"]
[WhiteElo "2555"]
[BlackElo "2380"]

1.e4 e6 2.d4 d5 3.Nd2 c5 4.exd5 exd5 5.Ngf3 a6 6.dxc5 Bxc5 7.Nb3 Ba7 8.Bd3 Nc6
9.O-O Qd6 10.Bg5 Bg4 11.Re1+ Nge7 12.c4 f6 13.Bh4 Rd8 14.Bg3 Qd7 15.c5 O-O
16.h3 Bh5 17.Be2 Bf7 18.Bd6 Rfe8 19.Nfd4 Ne5 20.Na5 Nc8 21.Bxe5 fxe5 22.Ndb3 Qc7
23.Rc1 Ne7 24.Qd2 Bb8 25.g3 Rf8 26.Bf1 Bh5 27.Bg2 Rf6 28.Qb4 Rd7 29.c6 bxc6
30.Nc5 Rd8 31.Nab7 Rdf8 32.Nxa6 Qd7 33.Nxb8 Rxb8 34.Nc5 Qa7 35.Qc3 e4 36.a4 Rbf8
37.Rc2 Bg6 38.Rd2 Nf5 39.b4 e3 40.Rxe3 Nxe3 41.Qxe3 Re8 42.Ne4 Qxa4 43.Nxf6+ gxf6
44.Qc3 Re1+ 45.Kh2 Re5 46.h4 Kg7 47.f4 Re8 48.g4 h6 49.g5 hxg5 50.fxg5 Kh7
51.h5 Bxh5 52.Qh3 Rh8 53.Qd7+ Kg6 54.Bh3 Qa1 55.Qf5+ Kg7 56.gxf6+ Qxf6 57.Qd7+ Kh6
58.Qe6 Qxe6 59.Bxe6 Kg5 60.Kg3 Rf8 61.b5 cxb5  1/2-1/2

[Event "Cannes op"]
[Site "Cannes"]
[Date "1990.??.??"]
[Round "5"]
[White "Kljako, Damir"]
[Black "Adams, Michael"]
[Result "1/2-1/2"]
[WhiteElo "2290"]
[BlackElo "2555"]

1.d4 Nf6 2.Nf3 e6 3.Bg5 h6 4.Bh4 b6 5.Nbd2 Bb7 6.h3 Bd6 7.Nc4 Be7 8.e3 Ne4
9.Bxe7 Qxe7 10.c3 d6 11.Be2 Nd7 12.O-O O-O 13.Nfd2 f5 14.Nxe4 fxe4 15.f4 Nf6
16.Qe1 a5 17.Qh4 b5 18.Nd2 b4 19.a3 bxc3 20.bxc3 a4 21.Rfb1 Rfb8 22.Rb2 Bc6
23.Rab1 Qf8 24.Qe1 Rxb2 25.Rxb2 d5 26.Rb4 Bd7 27.Qa1 c5 28.Rb6 Rb8 29.Rxb8 Qxb8
30.Qb1 Qc7 31.Qb2 g5 32.g3 cxd4 33.cxd4 gxf4 34.gxf4 Ne8 35.Nf1 Nd6 36.Qb4 Nf5
37.Bb5 Bxb5 38.Qxb5 Kf7 39.Qxa4 Nh4 40.Qd1 Nf3+ 41.Kf2 Qc3 42.a4 Qb2+ 43.Qe2 Qa1
44.Kg3 h5 45.a5 Kg6 46.a6 Kh6 47.Kf2 Qb1 48.Kg2 Qa1  1/2-1/2

[Event "Groningen"]
[Site "Groningen"]
[Date "1990.??.??"]
[Round "?"]
[White "Gulko, Boris F"]
[Black "Adams, Michael"]
[Result "1-0"]
[WhiteElo "2600"]
[BlackElo "2590"]

1.e4 e5 2.Nf3 Nc6 3.Bb5 a6 4.Ba4 Nf6 5.O-O Be7 6.Re1 b5 7.Bb3 O-O 8.d4 d6
9.c3 Bg4 10.Be3 exd4 11.cxd4 Na5 12.Bc2 c5 13.dxc5 dxc5 14.Nbd2 Nd7 15.Bf4 Re8
16.e5 Nf8 17.Be4 Rc8 18.Nf1 Ne6 19.Bg3 Nd4 20.Ne3 Bh5 21.Nf5 Bxf3 22.gxf3 Nac6
23.Rc1 Qd7 24.Nd6 Bxd6 25.exd6 Ne6 26.Qd5 g6 27.Qd2 Kg7 28.Kg2 f6 29.Bxc6 Rxc6
30.Re2 Rcc8 31.Rce1 c4 32.h4 h5 33.a3 Rcd8 34.Qa5 Kf7 35.Qxa6 f5 36.Kh2 g5
37.hxg5 Kg6 38.Qb6 f4 39.Rxe6+ Rxe6 40.Rxe6+ Qxe6 41.Qxd8 fxg3+ 42.Kxg3 Qe5+
43.Kg2  1-0

[Event "Novi Sad ol (Men)"]
[Site "Novi Sad"]
[Date "1990.??.??"]
[Round "1"]
[White "Strikovic, Aleksa"]
[Black "Adams, Michael"]
[Result "1/2-1/2"]
[WhiteElo "2510"]
[BlackElo "2590"]

1.Nf3 Nf6 2.g3 b6 3.Bg2 Bb7 4.O-O c5 5.d3 g6 6.e4 d6 7.Re1 Bg7 8.c3 O-O 9.Nbd2 e5
10.a4 Nc6 11.Nc4 h6 12.Bd2 Re8 13.b4 cxb4 14.cxb4 Qd7 15.b5 Nd4 16.Nxd4 exd4
17.e5 Bxg2 18.exf6 Rxe1+ 19.Qxe1 Re8 20.Qd1 Bh3 21.fxg7 d5 22.Na3 Qf5 23.Nc2 g5
24.Bb4 Qf6 25.Qh5 g4 26.Re1 Rc8 27.Nxd4 Qxd4 28.Qxh6 Qxg7 29.Qf4 Qg6 30.Qd4 Qf5
31.Bc3 f6 32.Re3 Kf7 33.f4 gxf3 34.Kf2 Bg2 35.a5 Rc5 36.axb6 axb6 37.g4 Qg5
38.Kg3 f5 39.Be1 Qxg4+ 40.Qxg4 fxg4  1/2-1/2

[Event "Novi Sad ol (Men)"]
[Site "Novi Sad"]
[Date "1990.??.??"]
[Round "4"]
[White "Adams, Michael"]
[Black "Spasov, Vasil"]
[Result "1/2-1/2"]
[WhiteElo "2590"]
[BlackElo "2495"]

1.e4 c5 2.Nf3 Nc6 3.d4 cxd4 4.Nxd4 Nf6 5.Nc3 e5 6.Ndb5 d6 7.Bg5 a6 8.Na3 b5
9.Bxf6 gxf6 10.Nd5 Bg7 11.Qh5 Ne7 12.Ne3 d5 13.Bd3 f5 14.O-O-O Qd6 15.c4 O-O
16.Kb1 bxc4 17.Bxc4 Rb8 18.Bb3 Rxb3 19.axb3 fxe4 20.g4 d4 21.Nec4 Qf6 22.Rhe1 Qf4
23.h3 Be6 24.Nd2 Bd5 25.Nac4 Rb8 26.Nd6 e3 27.fxe3 dxe3 28.N2c4 Rxb3 29.Nxe3 Qf2
30.Ndc4 e4 31.Rf1 Rxb2+ 32.Kc1 Qe2 33.Rxd5 Rc2+ 34.Nxc2 Qxf1+ 35.Rd1 Qxc4
36.Rd8+ Bf8 37.Qg5+  1/2-1/2

[Event "Prestwich"]
[Site "Prestwich"]
[Date "1990.??.??"]
[Round "5"]
[White "Webster, Andrew"]
[Black "Adams, Michael"]
[Result "1/2-1/2"]
[WhiteElo "2275"]
[BlackElo "2555"]

1.c4 b6 2.d4 Bb7 3.Qc2 e6 4.e4 Qh4 5.Nd2 Bb4 6.Bd3 f5 7.Nf3 Bxd2+ 8.Bxd2 Qg4
9.Ne5 Qxg2 10.O-O-O fxe4 11.Be2 Nf6 12.Be3 Qh3 13.Rdg1 Nc6 14.Rg3 Qf5 15.Rg5 Nxd4
16.Qd1 Nxe2+ 17.Qxe2 Qh3 18.Rhg1 d6 19.Rxg7 O-O-O 20.Nf7 Qxh2 21.Qd1 Qh3
22.Nxd8 Rxd8 23.Rf7 Nd7 24.Rgg7 h6 25.Rh7 Bc6 26.Rxh6 Qg2 27.Rxe6 Ne5 28.Rh7 Qg8
29.Ree7 Qxc4+ 30.Qc2 Qf1+ 31.Qd1 Qc4+ 32.Qc2 Qf1+  1/2-1/2

[Event "Buenos Aires Najdorf"]
[Site "Buenos Aires"]
[Date "1991.??.??"]
[Round "4"]
[White "Ricardi, Pablo"]
[Black "Adams, Michael"]
[Result "1/2-1/2"]
[WhiteElo "2435"]
[BlackElo "2600"]

1.Nf3 Nf6 2.b3 d5 3.c4 c6 4.Bb2 Bg4 5.e3 Nbd7 6.Be2 e6 7.h3 Bh5 8.O-O Bd6
9.d4 O-O 10.Nbd2 Ne4 11.Nxe4 dxe4 12.Ne5 Bxe2 13.Qxe2 f5 14.Rad1 Nf6 15.Kh1 Qc7
16.Rg1 Rae8 17.g4 fxg4 18.Nxg4 Nxg4 19.Rxg4 Rf3 20.d5 Rxh3+ 21.Kg2 Rh2+ 22.Kg1 g6
23.c5 Bxc5 24.dxe6 Rh5 25.Rf4 Rg5+ 26.Kf1 Rd5 27.Rf7 Re7 28.Rxd5 cxd5 29.Qd2 Rxf7
30.exf7+ Qxf7 31.Qc3 Qe7 32.Qh8+ Kf7 33.Qxh7+ Ke6 34.Qxg6+ Kd7 35.Qg8 Qe6
36.Qg7+ Kc6 37.Be5 Bb6 38.Ke2 Kb5 39.Bd4 Qc6 40.Bxb6 Kxb6 41.Kd2 a5 42.Qf8 Qc5
43.Qd8+ Ka7 44.a4 Ka6 45.Qa8+ Kb6 46.Qd8+ Ka7 47.Kd1 b6  1/2-1/2

[Event "Buenos Aires Najdorf"]
[Site "Buenos Aires"]
[Date "1991.??.??"]
[Round "13"]
[White "Panno, Oscar"]
[Black "Adams, Michael"]
[Result "1/2-1/2"]
[WhiteElo "2440"]
[BlackElo "2600"]

1.Nf3 Nf6 2.c4 e6 3.g3 d5 4.Bg2 Be7 5.O-O O-O 6.d4 dxc4 7.Qc2 a6 8.a4 Bd7
9.Qxc4 Bc6 10.Nc3 a5 11.Bg5 Na6 12.Bxf6 Bxf6 13.e4 Nb4 14.Rfd1 b6 15.d5 exd5
16.exd5 Bb7 17.Rd2 Qd7 18.Rad1 Rad8 19.h4 Rfe8 20.Kh1 h6 21.Nd4 Nxd5 22.Ndb5 c6
23.Nxd5 cxd5 24.Qc7 Qxc7 25.Nxc7 Re7  1/2-1/2

[Event "Telecom op"]
[Site "Dublin"]
[Date "1991.??.??"]
[Round "?"]
[White "Hodgson, Julian M"]
[Black "Adams, Michael"]
[Result "1/2-1/2"]
[WhiteElo "2545"]
[BlackElo "2600"]

1.d4 Nf6 2.Nf3 e6 3.Bg5 h6 4.Bxf6 Qxf6 5.e4 d6 6.Nc3 Nc6 7.d5 Ne5 8.Bb5+ Bd7
9.Nxe5 Qxe5 10.Bxd7+ Kxd7 11.O-O g5 12.Qh5 Ke7 13.a4 Bg7 14.Rfe1 Raf8 15.Ra3 a6
16.Rb3 Rb8 17.Rb4 Rhf8 18.Re3 Kd7 19.h3 exd5 20.exd5 Qf5 21.Rbe4 Be5 22.Ne2 Qg6
23.Qxg6 fxg6 24.h4 gxh4 25.Rxh4 h5 26.b3 Rf7 27.Nd4 c6 28.Nf3 Bf6 29.Rf4 Rbf8
30.Rb4 Kc7 31.dxc6 bxc6 32.Re2 a5 33.Rbe4 d5 34.Re6 Kd7 35.c4 dxc4 36.bxc4 g5
37.R6e4 Kc7 38.Nd4 Bxd4 39.Rxd4 Rf4 40.Rxf4 Rxf4 41.Re5 Rxc4 42.Rxa5 c5 43.Ra6 Rd4
44.Rg6 Rd5 45.a5 c4 46.a6 Rc5 47.a7 Kb7 48.Ra6 Ka8 49.Kf1 c3 50.Ra1 g4 51.g3 c2  1/2-1/2

[Event "ENG-ch m"]
[Site "ENG"]
[Date "1991.??.??"]
[Round "2"]
[White "Watson, William N"]
[Black "Adams, Michael"]
[Result "1/2-1/2"]
[WhiteElo "2525"]
[BlackElo "2615"]

1.e4 e5 2.Nf3 Nc6 3.d4 exd4 4.Nxd4 Bc5 5.Be3 Bb6 6.Nc3 Nge7 7.g3 O-O 8.Bg2 d6
9.Nxc6 bxc6 10.Qd2 Be6 11.O-O Qb8 12.Na4 Bxe3 13.Qxe3 Qb5 14.b3 c5 15.f4 Bd7
16.Rfe1 Rae8 17.Nc3 Qb4 18.Ne2 Bc6 19.Qd3 a5 20.a4 Qb7 21.Nc3 Nc8 22.Re3 Nb6
23.Rae1 Re6 24.Nd5 Rfe8 25.c4 Bxd5 26.cxd5 R6e7 27.e5 c4 28.Qd4 cxb3 29.e6 fxe6
30.dxe6 d5 31.f5 c5 32.Qxc5 b2 33.Qd4 Nxa4 34.Bxd5 Rd8 35.Bxb7 Rxd4 36.Bc6 Kf8
37.Rb3 Rc7 38.Bxa4 Rxa4 39.Rxb2 Ke7 40.Rd2 Rac4 41.Red1 Kf6 42.Rd7 a4 43.R1d6 Kxf5
44.e7 Rxd7 45.e8=Q Rc1+ 46.Kg2 Rxd6 47.Qh5+ g5 48.Qf7+ Rf6 49.g4+ Kxg4 50.Qxf6 Rc2+
51.Kg1 Rc1+ 52.Kf2 Rc2+ 53.Ke3 Rxh2 54.Qe6+ Kh5 55.Qe8+ Kh6 56.Qe6+ Kh5 57.Kf3 Rh4
58.Qf7+ Kh6 59.Qf6+ Kh5 60.Qe7 Rf4+ 61.Kg3 Rg4+ 62.Kf3 Rf4+  1/2-1/2

[Event "ENG-ch m"]
[Site "ENG"]
[Date "1991.??.??"]
[Round "3"]
[White "Adams, Michael"]
[Black "Short, Nigel D"]
[Result "1/2-1/2"]
[WhiteElo "2615"]
[BlackElo "2660"]

1.e4 e5 2.Nf3 Nc6 3.Bb5 a6 4.Ba4 Nf6 5.O-O Be7 6.Bxc6 dxc6 7.Nc3 Bg4 8.h3 Bh5
9.Qe2 Nd7 10.g4 Bg6 11.d4 exd4 12.Nxd4 h5 13.Bf4 hxg4 14.hxg4 Bd6 15.e5 Bc5
16.e6 Bxd4 17.exd7+ Kf8 18.Kg2 Qxd7 19.f3 c5 20.Rad1 Re8 21.Qd2 Qc6 22.Rfe1 f6
23.Rxe8+ Bxe8 24.Ne2 Bxb2 25.c3 Ba3 26.Qd8 Kf7 27.Bxc7 Rf8 28.Ng3 c4 29.Ne4 Be7
30.Nd6+ Bxd6 31.Qxd6 Rh8 32.Qd8 Qe6 33.Kf2 Rh3 34.Bg3 Bc6 35.Qc7+ Qe7 36.Qf4 Qc5+
37.Kg2 Rh8 38.Bf2 Qb5 39.Re1 Qa5 40.Qxc4+ Bd5 41.Qc5 Qxc5 42.Bxc5  1/2-1/2

[Event "ENG-ch m"]
[Site "ENG"]
[Date "1991.??.??"]
[Round "4"]
[White "Short, Nigel D"]
[Black "Adams, Michael"]
[Result "1/2-1/2"]
[WhiteElo "2660"]
[BlackElo "2615"]

1.e4 c6 2.d4 d5 3.e5 Bf5 4.Nf3 e6 5.Be2 Nd7 6.O-O Ne7 7.Nh4 Qb6 8.Nxf5 Nxf5
9.c3 c5 10.Bd3 Ne7 11.dxc5 Qxc5 12.Qe2 Qc7 13.f4 g6 14.Nd2 Nf5 15.Nf3 Bc5+
16.Kh1 h5 17.g3 Nb8 18.Bd2 Nc6 19.b4 Bb6 20.Rac1 Kf8 21.c4 dxc4 22.Rxc4 Qd7
23.Be4 Kg7 24.a4 Ncd4 25.Nxd4 Bxd4 26.Rf3 Rac8 27.Rxc8 Qxc8 28.Kg2 Rd8 29.a5 Bb2
30.Rd3 Qc4 31.Qf3 Nd4 32.Qd1 b5 33.axb6 axb6 34.Kh3 Rc8 35.Qb1 Nc2 36.Qh1 Nxb4
37.Rd7 Qb5 38.Rxf7+ Kxf7 39.Bxg6+ Ke7 40.Qb7+ Kd8 41.f5 Qf1+ 42.Kh4 Qc4+
43.Kg5 Nd5 44.fxe6 Nc7 45.Qxb6 Ba3 46.Kf6 Bc5 47.Bg5 Ra8 48.Kf7+ Kc8 49.Qc6 Ra6
50.Qd7+ Kb8 51.Bf5 Ra7 52.Kg6 Ra6  1/2-1/2

[Event "FRA-chT"]
[Site "FRA"]
[Date "1991.??.??"]
[Round "?"]
[White "Armas, Iulius"]
[Black "Adams, Michael"]
[Result "1-0"]
[WhiteElo "2450"]
[BlackElo "2600"]

1.e4 e5 2.Nf3 Nc6 3.Bc4 Nf6 4.d3 Be7 5.O-O O-O 6.Re1 d6 7.a4 Kh8 8.c3 Ng8
9.d4 Bg4 10.dxe5 dxe5 11.Nbd2 Bd6 12.a5 a6 13.Qb3 Qd7 14.h3 Bh5 15.Nh4 Nge7
16.Nf1 Ng6 17.Nf5 Nf4 18.N1g3 Bg6 19.Be3 Bxf5 20.Nxf5 Ne7 21.Nxd6 Qxd6 22.Bxf4 exf4
23.Bxf7 Nc6 24.Qe6 Qc5 25.e5 Rad8 26.Qc4 Qe7 27.e6 f3 28.gxf3 Rd2 29.b4 Nd8
30.Rad1 Rxd1 31.Rxd1 Nxf7 32.exf7 h6 33.Kf1 Rxf7 34.Rd8+ Kh7 35.Qe4+ g6 36.Re8 Qd7
37.Re6 Qb5+ 38.Kg2 Rg7 39.h4 Qh5 40.Re5 Qf5 41.Kh2 Qf6 42.Re6 Qf5 43.Re5 Qf6
44.h5 c6 45.Re6 Qg5 46.Re5 Qf6 47.c4 Qd6 48.c5 Qf6 49.Re6 Qg5 50.hxg6+ Rxg6
51.Rxg6 Qxg6 52.Kh3 Kg7 53.Qxg6+ Kxg6 54.Kg4 h5+ 55.Kh4 Kh6 56.f4 Kg6 57.f5+ Kf6
58.Kxh5 Kxf5 59.Kh6 Kf6 60.Kh7  1-0

[Event "Chalkidiki"]
[Site "Chalkidiki"]
[Date "1992.??.??"]
[Round "1"]
[White "Ulibin, Mikhail"]
[Black "Adams, Michael"]
[Result "1-0"]
[WhiteElo "2570"]
[BlackElo "2610"]

1.e4 e5 2.Nf3 d6 3.d4 exd4 4.Qxd4 Nc6 5.Bb5 Ne7 6.Bg5 a6 7.Bxc6+ Nxc6 8.Qd2 Be7
9.Nc3 Bxg5 10.Nxg5 O-O 11.O-O-O h6 12.Nf3 b5 13.Qf4 b4 14.Nd5 f6 15.Nh4 a5
16.Nf5 Kh7 17.g4 a4 18.Kb1 b3 19.cxb3 axb3 20.a3 Ne5 21.h4 Ra4 22.Rh3 Ng6
23.Qe3 Be6 24.f3 Qb8 25.Nd4 Bxd5 26.exd5 Re8 27.Qd2 Qb6 28.Ne6 c6 29.f4 cxd5
30.f5 Ne7 31.Rg3 Re4 32.Qd3 h5 33.Qf3 Qc6 34.Rc1 Rc4 35.Rcg1 Ra4 36.Qxb3 hxg4
37.Rxg4 Rxg4 38.Rxg4 Nxf5 39.Qd3 g6 40.h5 Rxe6 41.hxg6+ Kg7 42.Qxf5 Re5 43.Qf2 Qd7
44.Qh4 Qf5+ 45.Ka2 Qh5 46.Qxh5 Rxh5 47.b4 Rg5 48.Rd4 Kxg6 49.b5 Kf5 50.b6 Rg2+
51.Kb3 Rg3+ 52.Ka4 Ke5 53.Rb4 Rg8 54.b7 Rb8 55.Ka5  1-0

[Event "Manila ol (Men)"]
[Site "Manila"]
[Date "1992.??.??"]
[Round "?"]
[White "Arnason, Jon L"]
[Black "Adams, Michael"]
[Result "1-0"]
[WhiteElo "2515"]
[BlackElo "2620"]

1.e4 e5 2.Nc3 Nc6 3.f4 exf4 4.Nf3 g5 5.d4 d6 6.d5 Ne5 7.Bb5+ Bd7 8.Bxd7+ Nxd7
9.Qd4 f6 10.h4 g4 11.Ng5 Nc5 12.Ne6 Nxe6 13.dxe6 c6 14.Bxf4 Qb6 15.Qd3 O-O-O
16.O-O-O h5 17.Qg3 Qc7 18.Rd3 Qe7 19.Rhd1 Qxe6 20.Bxd6 Bxd6 21.Rxd6 Rxd6
22.Rxd6 Qe7 23.Qf4 Rh7 24.Ne2 Rf7 25.Qf5+ Kc7 26.Re6 Qd7 27.Qf4+ Kc8 28.Rd6 Qe7
29.Ng3 Qe5 30.Qxe5 fxe5 31.Re6 Kd7 32.Rxe5 Rf2 33.Nxh5 Rxg2 34.Rg5 Nh6 35.Rg7+ Ke8
36.Rg6 Nf7 37.Rxg4 Rh2 38.Ng7+ Ke7 39.Nf5+ Kf6 40.b3 a5 41.Rg8 Ke5 42.Rf8 Nd6
43.Nxd6 Kxd6 44.Rf4 b5 45.a3 Ke6 46.Rg4 Ke5 47.Rg6 Rxh4 48.Rxc6 Kd4 49.a4 bxa4
50.Rc4+ Ke3 51.Rxa4 Rh5 52.Kb2 Rg5 53.Rc4 Rh5 54.Ka3 Re5 55.Ka4 Kd2 56.Rc8 Kc1
57.c4 Kb2 58.Rb8 Kc3 59.Rb5  1-0

[Event "Manila ol (Men)"]
[Site "Manila"]
[Date "1992.??.??"]
[Round "?"]
[White "Thipsay, Praveen Mahadeo"]
[Black "Adams, Michael"]
[Result "1-0"]
[WhiteElo "2485"]
[BlackElo "2620"]

1.e4 e5 2.Nf3 Nc6 3.Bb5 a6 4.Ba4 Nf6 5.O-O Be7 6.Re1 b5 7.Bb3 O-O 8.a4 Bb7
9.d3 d6 10.c3 h6 11.Nbd2 Re8 12.Nf1 Bf8 13.Ng3 Na5 14.Bc2 c5 15.d4 Qc7 16.b3 g6
17.d5 Reb8 18.h3 Bc8 19.Be3 Bd7 20.axb5 axb5 21.Nd2 b4 22.cxb4 Rxb4 23.Nc4 Rbb8
24.f4 Nxc4 25.bxc4 Rxa1 26.Qxa1 Rb4 27.fxe5 dxe5 28.Bd3 Ne8 29.Nf1 Bg7 30.Rb1 Ra4
31.Qb2 Rb4 32.Qa3 Rxb1 33.Bxb1 Bf8 34.Nd2 Qb6 35.Nb3 Nc7 36.Bc2 Na6 37.Qa5 Qd6
38.Qd8 Kg7 39.Na5 Be7 40.Nb7 Bxd8 41.Nxd6 h5 42.Kf2 Kf8 43.Ke2 Ke7 44.Nb5 Ba5
45.Ba4 Bb4 46.Kd3 Nb8 47.Kc2 f6 48.Kb3 Bxb5 49.Bxb5 Nd7 50.Bxd7 Kxd7 51.g4 hxg4
52.hxg4 Kd6 53.g5 fxg5 54.Bxg5 Be1 55.Kc2 Bg3 56.Kd3 Bf4 57.Bf6 Kd7 58.Ke2 Ke8
59.Kf3 Kf7 60.Bd8 Bd2 61.Bb6 Bb4 62.Kg4 Ke7 63.Bc7 Bc3 64.d6+ Ke6 65.Kg5 Kd7
66.Kxg6 Bd4 67.Kf6 Bc3 68.Bb8 Bd4 69.Ba7 Kxd6 70.Bb8+ Kc6 71.Ke6 Bf2 72.Bxe5  1-0

[Event "Oviedo rapid45"]
[Site "Oviedo"]
[Date "1992.??.??"]
[Round "?"]
[White "Adams, Michael"]
[Black "King, Daniel J"]
[Result "1/2-1/2"]
[WhiteElo "2620"]
[BlackElo "2505"]

1.e4 c5 2.Nf3 d6 3.d4 cxd4 4.Nxd4 Nf6 5.Nc3 a6 6.f4 Qc7 7.Nf3 Nbd7 8.a4 g6
9.Bd3 Bg7 10.O-O b6 11.Qe1 Bb7 12.Kh1 O-O 13.f5 e6 14.Qh4 Rae8 15.Bh6 Qc5
16.Ng5 Qb4 17.fxe6 fxe6 18.Rab1 d5 19.Rf4 e5 20.Rf3 dxe4 21.Ncxe4 Bxe4 22.Bxe4 Qe7
23.Bxg7 Kxg7 24.Bd5 Qd6 25.Rd3 Nc5 26.Rdd1 Rd8 27.Bf3  1/2-1/2

[Event "Oviedo rapid45"]
[Site "Oviedo"]
[Date "1992.??.??"]
[Round "2"]
[White "Adams, Michael"]
[Black "San Claudio, Francisco Javier"]
[Result "1-0"]
[WhiteElo "2620"]
[BlackElo "2240"]

1.e4 e5 2.Nf3 Nc6 3.Bb5 a6 4.Ba4 Nf6 5.O-O b5 6.Bb3 Bc5 7.c3 Bb6 8.d4 Qe7
9.a4 Bb7 10.d5 Na5 11.Bc2 O-O 12.Na3 Nc4 13.Nxc4 bxc4 14.a5 Ba7 15.Ra4 c6
16.d6 Qe6 17.Ng5 Qg4 18.Rxc4 h6 19.Qxg4 Nxg4 20.Nf3 Rae8 21.h3 Nf6 22.Rd1 Ba8
23.Be3 Bxe3 24.fxe3 Re6 25.Rc5 Rb8 26.b4 Rb5 27.Bb3 Re8 28.Bc2 g6 29.Bd3 Rxc5
30.bxc5 Rb8 31.Rb1 Rxb1+ 32.Bxb1 Bb7 33.Nxe5 Bc8 34.Kf2 Kg7 35.Kf3 Nh7 36.Ba2 f6
37.Nd3 Ng5+ 38.Kf4 Kf8 39.Nb4 Bb7 40.Nd3 Ne6+ 41.Kg3 Ng5 42.Nf2 h5 43.h4 Nf7
44.Bxf7 Kxf7 45.Kf4 Ke6 46.Nd3 Bc8 47.c4  1-0

[Event "Oviedo rapid45"]
[Site "Oviedo"]
[Date "1992.??.??"]
[Round "6"]
[White "Adams, Michael"]
[Black "Santo Roman, Marc"]
[Result "1/2-1/2"]
[WhiteElo "2620"]
[BlackElo "2495"]

1.e4 Nf6 2.e5 Nd5 3.d4 d6 4.Nf3 g6 5.Bc4 Nb6 6.Bb3 Bg7 7.O-O Nc6 8.Qe2 dxe5
9.dxe5 Nd4 10.Nxd4 Qxd4 11.Re1 Bg4 12.Be3 Qd7 13.f3 Be6 14.Bf2 O-O 15.Nc3 Qc6
16.Bxe6 Qxe6 17.Nb5 Qc6 18.Rad1 a6 19.Nd4 Qa4 20.b3 Qxa2 21.Qd2 Qa3 22.Ra1 Qc5
23.Ne6 Qd5 24.Qxd5 Nxd5 25.Nxf8 Kxf8 26.Rad1 Nb4 27.Rd2 Rc8 28.Bc5 Nc6 29.f4 Ke8
30.Rde2 h5 31.Kf2 e6 32.Kf3 Bf8 33.Bxf8 Kxf8 34.h3 Ke7 35.g3 a5 36.c4 Nb4
37.g4 hxg4+ 38.hxg4 Na6 39.Re3 Nc5 40.Rd1 b6 41.Kg3 Rh8 42.Rf1 Rg8 43.Kh4 Rh8+  1/2-1/2

[Event "Oviedo rapid45"]
[Site "Oviedo"]
[Date "1992.??.??"]
[Round "7"]
[White "Adams, Michael"]
[Black "Danailov, Silvio"]
[Result "1/2-1/2"]
[WhiteElo "2620"]
[BlackElo "2445"]

1.e4 c5 2.Nf3 Nc6 3.d4 cxd4 4.Nxd4 Qb6 5.Nb3 Nf6 6.Nc3 e6 7.Be3 Qc7 8.Bd3 a6
9.O-O b5 10.f4 d6 11.Qf3 Bb7 12.Rae1 Be7 13.a3 O-O 14.g4 Rfe8 15.g5 Nd7 16.Qh3 Bf8
17.f5 Nde5 18.fxe6 fxe6 19.Rf2 g6 20.Ref1 Bg7 21.Ne2 Qe7 22.Nbd4 Nxd4 23.Nxd4 Rad8
24.Qg3 Nxd3 25.cxd3 e5 26.Nb3 Qe6 27.Nd2 Rc8 28.h4 Rc2 29.Nf3 Rxf2 30.Bxf2 Qb3
31.Nh2 d5 32.Ng4 dxe4 33.dxe4 Qc4 34.Re1 Bxe4 35.Nf6+ Bxf6 36.gxf6 Bc6 37.Rxe5 Rxe5
38.Qxe5 Qd5 39.Qxd5+  1/2-1/2

[Event "Oviedo rapid45"]
[Site "Oviedo"]
[Date "1992.??.??"]
[Round "11"]
[White "Adams, Michael"]
[Black "Makarichev, Sergey"]
[Result "1/2-1/2"]
[WhiteElo "2620"]
[BlackElo "2530"]

1.e4 e5 2.Nf3 Nf6 3.Nxe5 d6 4.Nf3 Nxe4 5.d4 d5 6.Bd3 Nc6 7.O-O Bg4 8.Re1 Be7
9.c3 f5 10.Nbd2 Qd6 11.Nf1 O-O-O 12.Ne3 h5 13.h3 g6 14.Be2 Bxf3 15.Bxf3 Bh4
16.Re2 Ne7 17.Nf1 Bf6 18.Rc2 Kb8 19.a4 Rh7 20.a5 g5 21.a6 b6 22.g3 g4 23.Bf4 Qd7
24.Bxe4 fxe4 25.h4 Ng6 26.Qc1 Rf8 27.Bg5 Rhf7 28.b4 Ne7 29.Bh6 Bg7 30.Bxg7 Rxg7
31.Qh6 Nf5 32.Qxh5 Qc8 33.Ne3 Nxe3 34.fxe3 Rf5 35.Qh6 Rgf7 36.Rg2 R7f6 37.Qg7 Rf7
38.Qg6 R7f6 39.Qg7  1/2-1/2

[Event "Roquebrune rapid"]
[Site "Roquebrune"]
[Date "1992.??.??"]
[Round "3"]
[White "Adams, Michael"]
[Black "Ljubojevic, Ljubomir"]
[Result "1/2-1/2"]
[WhiteElo "2590"]
[BlackElo "2610"]

1.e4 c5 2.Nf3 d6 3.d4 cxd4 4.Nxd4 Nf6 5.Nc3 a6 6.f4 Qc7 7.Nf3 e6 8.Bd3 Nbd7
9.O-O b5 10.Qe1 Bb7 11.f5 e5 12.a3 Be7 13.Kh1 O-O 14.Bg5 h6 15.Bd2 Rfe8 16.Qg3 Nh5
17.Qh3 Nf4 18.Qg3 Nf6 19.Rae1 Bf8 20.Ng1 d5 21.exd5 N6xd5 22.Ne4 Qc6 23.Ne2 Nxd3
24.cxd3 Nf6 25.N2c3 Rad8 26.Nxf6+ Qxf6 27.Ne4 Bxe4 28.Rxe4 Rd4 29.Bc3 Rxe4
30.dxe4 Bc5 31.h3 Bd4 32.Rd1 Rd8 33.Bxd4 exd4 34.Qd3 Qe5 35.Rd2 a5 36.Kg1 a4
37.Rc2 Re8 38.Re2 Rc8 39.Re1 Rc4 40.g3 f6 41.h4 Qc5 42.Re2 Rc1+ 43.Kh2 Qc4
44.Rd2 Qxd3 45.Rxd3 Rc2+ 46.Kh3 Rxb2 47.Rxd4 Rb3 48.Rd5 h5 49.Kg2 Kf8 50.Kf2 Ke7
51.Kg2 Kf8 52.Kf2 Kg8 53.Kg2 Kh7 54.Kf2 Kg8 55.Kg2 Kf7 56.e5 fxe5 57.Rxe5 Kf6
58.Rd5 Ke7 59.Kf2 Kf6 60.Kg2 Rxa3 61.Rxb5 Rb3 62.Ra5 a3 63.Kh3 Ke7 64.Ra7+ Kf6
65.Ra5 Rc3 66.Ra7 Kxf5 67.Rxg7 a2 68.Ra7 Rc2 69.Ra4 Rb2 70.Ra8 Ke4 71.g4 Rb3+
72.Kg2 Rb2+ 73.Kg3 Rb3+ 74.Kg2  1/2-1/2

[Event "Roquebrune rapid"]
[Site "Roquebrune"]
[Date "1992.??.??"]
[Round "8"]
[White "Adams, Michael"]
[Black "Karpov, Anatoly"]
[Result "1/2-1/2"]
[WhiteElo "2590"]
[BlackElo "2725"]

1.e4 c6 2.d4 d5 3.exd5 cxd5 4.c4 Nf6 5.Nc3 e6 6.Nf3 Be7 7.cxd5 Nxd5 8.Bd3 Nc6
9.O-O O-O 10.Re1 Bf6 11.Be4 Nce7 12.Qd3 h6 13.Qe2 Bd7 14.Bb1 Nxc3 15.bxc3 Bc6
16.Ne5 Bxe5 17.Qxe5 Qd5 18.Qg3 Qh5 19.Bc2 Nf5 20.Bxf5 exf5 21.c4 Rfe8 22.Be3 Qg4
23.d5 Ba4 24.Qxg4 fxg4 25.Rab1 b6 26.Rec1 Rac8 27.Rb4 Bd7 28.a4 f5 29.g3 Re4
30.a5 g5 31.axb6 axb6 32.Bxb6 Kf7 33.Ba5 Rc5 34.Rb7 Ke8 35.Rb8+ Kf7 36.Rb7 Ke8
37.Rb8+ Kf7 38.Rf8+ Kg6 39.Rd8 Ba4 40.Rd6+ Kf7 41.Bd2 Rexc4 42.Rxc4 Rxc4
43.Rxh6 Rd4 44.Bxg5 Rxd5 45.Kf1 Bd1 46.Rf6+ Kg7 47.Re6 Bf3 48.Re1  1/2-1/2

[Event "Roquebrune rapid"]
[Site "Roquebrune"]
[Date "1992.??.??"]
[Round "14"]
[White "Ljubojevic, Ljubomir"]
[Black "Adams, Michael"]
[Result "1/2-1/2"]
[WhiteElo "2610"]
[BlackElo "2590"]

1.e4 e5 2.Nf3 Nc6 3.Bb5 a6 4.Bxc6 dxc6 5.Nc3 f6 6.d4 exd4 7.Qxd4 Qxd4 8.Nxd4 Bd6
9.Nde2 Ne7 10.Bf4 Be6 11.O-O-O O-O-O 12.Bg3 Rhe8 13.Rd2 Ng6 14.Rhd1 Ne5 15.b3 b5
16.h3 Ba3+ 17.Kb1 Rxd2 18.Rxd2 Bd7 19.Nd1 Nf7 20.Nec3 Nd6 21.f3 f5 22.Re2 fxe4
23.Nxe4 Nxe4 24.Rxe4 Rxe4 25.fxe4 Bd6 26.Bf2 c5 27.Ne3 Kb7 28.c4 Kc6 29.Kc2 Be5
30.Nd5 Kd6 31.Kd3 c6 32.Ne3 g6 33.Ng4 Bxg4 34.hxg4 g5 35.Be1 b4 36.Bf2 h6
37.g3 a5 38.Ke2 Bd4 39.Be3 Be5 40.Bf2  1/2-1/2

[Event "Chalkidiki Afitos"]
[Site "Chalkidiki"]
[Date "1993.??.??"]
[Round "2"]
[White "Adams, Michael"]
[Black "Gelfand, Boris"]
[Result "1/2-1/2"]
[WhiteElo "2630"]
[BlackElo "2670"]

1.d4 d5 2.Bg5 c6 3.e3 h6 4.Bh4 Qb6 5.b3 e5 6.Nf3 e4 7.Ne5 Nd7 8.Qh5 Nxe5
9.Qxe5+ Be6 10.Be2 Qb4+ 11.c3 Qd6 12.Qxd6 Bxd6 13.Bg3 Bxg3 14.hxg3 Nf6 15.c4 Ke7
16.Nc3 Rhd8 17.Rc1 Rac8 18.cxd5 cxd5 19.Kd2 Rc7 20.Nb5 Rxc1 21.Rxc1 Bd7 22.a4 a6
23.Nc3 a5 24.f3 exf3 25.gxf3 h5 26.e4 dxe4 27.fxe4 Bg4 28.Bxg4 Nxg4 29.Nd5+ Kf8
30.Kd3 g5 31.Rf1 Kg7 32.Ne7 Rd7 33.Nf5+ Kg6 34.d5 Nh6 35.Ne3 f6 36.Kd4 Nf7
37.Nf5 Ne5 38.d6 Rh7 39.Kd5 h4 40.gxh4 gxh4 41.Ke6 Kg5 42.Ne3 Nd7 43.Rf5+ Kg6
44.Ng4 h3 45.Nxf6 h2 46.Nxd7 h1=Q 47.Nf8+ Kg7 48.Rf7+ Kg8 49.Rxh7 Qxe4+ 50.Kd7 Kxf8
51.Rh8+ Kf7 52.Rc8 Qf3 53.Rc1 Qe3 54.Rf1+ Kg7 55.Kd8 Qb6+ 56.Ke7 Qe3+ 57.Kd8 Qg5+
58.Kd7 b5 59.Ra1 Qf5+ 60.Kc6 Qc2+ 61.Kb6 Qd3 62.d7 Qxd7 63.Rg1+ Kh6 64.Rh1+ Kg5
65.axb5 Qd8+ 66.Ka7 Qc7+ 67.Ka6 Qc8+ 68.Ka7 Qc7+  1/2-1/2

[Event "Dublin zt"]
[Site "Dublin"]
[Date "1993.??.??"]
[Round "10"]
[White "Arkell, Keith C"]
[Black "Adams, Michael"]
[Result "1/2-1/2"]
[WhiteElo "2450"]
[BlackElo "2630"]

1.d4 Nf6 2.Nf3 e6 3.c4 b6 4.g3 Ba6 5.b3 b5 6.cxb5 Bxb5 7.Bg2 Bb4+ 8.Bd2 a5
9.Ne5 c6 10.Nc3 Ba6 11.Qc2 O-O 12.Na4 Bb5 13.Nc3 Ba6 14.Na4 Bb5 15.Nc3 Qb6
16.Nxb5 Qxb5 17.Nd3 Na6 18.O-O Be7 19.Qc4 Qb6 20.Nb2 Rfc8 21.Na4 Qd8 22.Qc3 Bb4
23.Qd3 Ba3 24.Qc3 Nc7 25.e4 Rcb8 26.Bc1 Be7 27.Bf4 Rb7 28.Rfd1 Ba3 29.Bc1 Bxc1
30.Raxc1 h6 31.Qd2 Rb4 32.Rc4 Rab8 33.Rxb4 Rxb4 34.h3 Qe7 35.Qe3 Nb5 36.d5 exd5
37.exd5 Qxe3 38.fxe3 cxd5 39.Bxd5 Rxa4 40.bxa4 Nc3 41.Bxf7+ Kxf7 42.Rd6 Nxa4
43.Ra6 Nb2 44.Rxa5 Nc4 45.Rc5 Nxe3 46.a4 Ned5 47.a5 Nb4 48.Rb5 Na6 49.Rb6 Nc7
50.a6 Nfd5 51.Rd6 Ke7 52.Rg6 Kf7 53.Rd6 Ke7  1/2-1/2